Rǧimen jurd̕ico de los centros histr̤icos

Bibliographic Details
Main Authors: Melgosa Arcos, Francisco Javier (Author), Sǹchez Goyanes, Enrique (Author)
Other Authors: Garca̕ Rubio, Fernando (coord)
Format: Unknown
Language:Spanish
Published: Madrid : Dykinson, 2007
Subjects:
Online Access:Acceso restringido

MARC

LEADER 00000ny a22000003n 4500
005 2011062306326.0
006 m u
007 cr cn|||||||||
008 200807r20072008sp |||||s|||||||||||spa d
020 |a 9788498491357 
035 |a 2429 
040 |a FlNmELB  |c FlNmELB  |d vLex 
050 1 4 |a NA9053.H55  |b R467 2007eb 
080 |a 340 
090 |c 1174  |d 1174 
245 0 0 |a Rǧimen jurd̕ico de los centros histr̤icos  |h [Recurso electrn̤ico]  |c coordinador, Fernando Garca̕ Rubio; Enrique Sǹchez Goyanes, Francisco Javier Melgosa Arcos 
256 |a Servicio en ln̕ea 
260 |a Madrid :  |b Dykinson,  |c 2007 
300 |a [9]-178 p 
506 1 |a Contenido solo disponible en los productos indicados  |d vLex Global  |d vLex Global (Academic Edition, excluding Law Schools)  |d vLex Global (U.S. Academic Edition, Law Schools)  |d vLex Global (U.S. Academic Edition, excluding Law Schools)  |d vLex Global (Academic Edition, Law Schools) 
650 0 7 |a Administrativo  |2 Tesauro vLex 
650 0 7 |a Urbanizaciones  |2 Tesauro vLex 
650 0 7 |a Inmobiliario y registral  |2 Tesauro vLex 
650 0 7 |a Patrimonio histr̤ico  |2 Tesauro vLex 
700 1 |a Garca̕ Rubio, Fernando,   |e coord 
700 1 |a Melgosa Arcos, Francisco Javier,   |e aut 
700 1 |a Sǹchez Goyanes, Enrique,   |e aut 
740 0 |a vLex Libros (Servicios en ln̕ea) 
856 4 0 |z Acceso restringido  |u http://vlex.com/source/centros-historicos-regimen-juridico-2429 
942 |c BOOK